000 00543cam a2200205 4500
001 J108524
008 000000n2000 000 0 eng u
035 _a(Sirsi) u108524
110 _aGVA Grimley
_93646
245 _aRetail trends - first quarter -3rd quarter 2000
260 _aLondon
_bGVA Grimley
_c2000
300 _a3 pts. ; 30cm.
650 _aRETAIL
650 _aFOOD RETAILERS
650 _aPROFITS
650 _aSALES FIGURES
650 _aTRENDS
690 _aPROPERTY-COMMERCIAL PROPERTY-RETAIL PROPERTY
942 _n0
999 _c100803
_d100803